FC Barcelona Squad 2013-2014 - Statistics

General Stats
  • This quiz has been taken 188 times
  • The average score is 18 of 26
Answer Stats
# Position Nation Player % Correct
10 FW Argentina Lionel Messi
99%
8 MF Spain Andrés Iniesta
98%
6 MF Spain Xavi Hernández
98%
11 FW Brazil Neymar
97%
5 DF Spain Carles Puyol
95%
3 DF Spain Gerard Piqué
95%
1 GK Spain Víctor Valdés
95%
9 FW Chile Alexis Sánchez
91%
22 DF Brazil Dani Alves
85%
16 MF Spain Sergio Busquets
85%
7 FW Spain Pedro Rodríguez
82%
14 MF Argentina Javier Mascherano
80%
18 DF Spain Jordi Alba
78%
13 GK Spain José Manuel Pinto
68%
4 MF Spain Cesc Fàbregas
67%
17 MF Cameroon Alex Song
65%
12 MF Mexico Jonathan dos Santos
57%
21 DF Brazil Adriano Correia
55%
15 DF Spain Marc Bartra
52%
24 DF Spain Sergi Roberto
49%
2 DF Spain Martín Montoya
47%
- Coach Argentina Gerardo Martino
39%
19 MF Netherlands Ibrahim Afellay
38%
20 FW Spain Cristian Tello
32%
23 FW Spain Isaac Cuenca
17%
25 GK Spain Oier Olazábal
15%
No matching quizzes found
Score Distribution
Percent of People with Each Score
Percentile by Number Answered
Your Score History
You have not taken this quiz